50 Most Subscribed YouTube Channels 2020 - Statistics

General Stats
  • This quiz has been taken 176 times
    87 since last reset
  • The average score is 13 of 50
Answer Stats
Subscribers Channel % Correct
107 million PewDiePie
91%
43 million MrBeast
80%
154 million T-Series
80%
94 million Cocomelon - Nursery Rhymes
61%
57 million Justin Bieber
48%
66 million WWE
41%
68 million 5-Minute Crafts
38%
53 million Dude Perfect
38%
83 million SET India
38%
45 million Ed Sheeran
34%
63 million Kids Diana Show
34%
43 million Ariana Grande
33%
48 million Blackpink
28%
36 million Bright Side
28%
60 million Like Nastya
28%
44 million Eminem Music
27%
35 million Rihanna
27%
52 million Vlad and Niki
27%
39 million Taylor Swift
25%
41 million HolaSoyGerman.
23%
41 million JuegaGerman
23%
38 million Katy Perry
23%
62 million Zee Music Company
22%
51 million Zee TV
22%
43 million Badabun
20%
37 million Bangtan TV
20%
44 million Big Hit Labels
20%
60 million Canal KondZilla
20%
38 million Pinkfong! Kids' Stories & Songs
20%
39 million Felipe Neto
19%
37 million Fernanfloo
19%
48 million Marshmello
19%
33 million One Direction
19%
41 million Aaj Tak
16%
36 million Alan Walker
16%
38 million elrubiusOMG
16%
34 million LooLoo Kids - Nursery Rhymes and Children's Songs
16%
44 million Movieclips
16%
37 million TheEllenShow
16%
37 million Você Sabia?
16%
40 million whinderssonnunes
16%
40 million ChuChu TV Nursery Rhymes & Kids Songs
14%
41 million Goldmines Telefilms
13%
37 million El Reino Infantil
11%
41 million Shemaroo Filmi Gaane
11%
38 million Sony Music India
11%
38 million Wave Music
11%
33 million Billie Eilish
9%
37 million SAB TV
9%
33 million Luisito Comunica
8%
No matching quizzes found
Score Distribution
Percent of People with Each Score
Percentile by Number Answered
Your Score History
You have not taken this quiz since the last reset